00498nam a2200169 i 450000100060000000300090000600500170001500700030003200800410003510000190007624500740009526000650016930000280023465000260026270000190028885200210030781610ES-MaACL20250728113737.0t|041105s1909 fr ||||1| fre d1 aHubert, Henri.10aMélanges d'histoire des religions / cpar Henri Hubert et M. Mauss. aParis : b[s.n., c1909] (eEvreux : fCh. Herissey et Fils) aXLII, 236 p. ; c23 cm.04aReligiones-xHistoria1 aMauss, Marcel. aES-MaACLjB-6604